Statistics for Indian Geography on a Map

Click here to take the quiz!

General Stats

  • This quiz has been taken 4,002 times
  • The average score is 16 of 23

Answers on the Map

Answers color-coded by a green-red scale on the quiz's map according to % correct below.
 

Answer Stats

Geography% Correct
Delhi
96%
Mumbai
96%
Kolkata
91%
Ganges
87%
Chennai
86%
Bengaluru
81%
Jammu and Kashmir
81%
Hyderabad
79%
Bay of Bengal
78%
Ahmedabad
71%
Goa
70%
Uttar Pradesh
70%
Arabian Sea
65%
Agra
64%
Great {Andaman}
62%
Gujarat
61%
Lucknow
58%
Tamil Nadu
57%
Brahmaputra
56%
Assam
53%
Lakshadweep
38%
Thar Desert
37%
Kanchenjunga
24%

Score Distribution

Percentile by Number Answered

Percent of People with Each Score

Your Score History

You have not taken this quiz